[Event "Las Palmas"]
[Site "Las Palmas"]
[Date "1994.??.??"]
[Round "3"]
[White "Lautier, Joel"]
[Black "Epishin, Vladimir"]
[Result "1-0"]
[WhiteElo "2625"]
[BlackElo "2675"]
[Annotator "Lautier,J"]
[PlyCount "107"]
[EventDate "1994.05.??"]
[EventType "tourn"]
[EventRounds "9"]
[EventCountry "ESP"]
[EventCategory "17"]
[SourceTitle "CBM 042"]
[Source "ChessBase"]
[SourceDate "1994.10.01"]
[SourceVersion "1"]
[SourceVersionDate "1994.10.01"]
[SourceQuality "1"]

1. d4 {Dautov} Nf6 2. c4 e6 3. Nc3 Bb4 4. Qc2 O-O 5. a3 Bxc3+ 6. Qxc3 b6 7. Bg5
h6 8. Bh4 c5 9. dxc5 bxc5 10. e3 d6 11. Bd3 Nbd7 12. Ne2 Qb6 (12... Rb8 {Dautov
} 13. Bg3 Qb6 14. O-O Nh5 15. Rab1 Nxg3 16. hxg3 Ne5 17. Bc2 Ba6 18. b3 Qc7 $10
{Sokolov,I-Kamsky/Madrid/1994}) (12... Ne5 {Dautov} 13. Bc2 Ba6 14. b3 Ng6 15.
Bxf6 (15. Bg3 $142 $1) 15... Qxf6 16. Qxf6 gxf6 17. Nc3 Rfd8 18. O-O-O Kf8 {
+/=/= Lautier-Karpov/Dos Hermanas/1994}) 13. Rd1 Ba6 $5 $146 (13... Rb8 {Dautov
} 14. Rd2 Ba6 15. Bg3 $5 e5 16. O-O $14 {><d6}) 14. O-O Rfc8 (14... Rab8 {
Dautov} 15. Rd2 (15. Bg3 $5 Ne5 16. Bxe5 dxe5 17. Qxe5 Qxb2 18. Qxc5 $16) 15...
Ne5 16. Bxf6 gxf6 17. Nc1 $1 {/\Be2} Nxd3 18. Nxd3 Qb3 19. Qxf6 Bxc4 20. Nf4
$16) 15. Rd2 d5 16. Rfd1 Rab8 (16... Bxc4 $2 17. Bxc4 Ne4 18. Qc2 Nxd2 19. Rxd2
$16) (16... dxc4 $2 17. Bb1 Qb7 (17... Rc7 $2 18. Bxf6 Nxf6 19. Rd8+ $18) 18.
Qc2 {/\ Rd7!} Nf8 (18... g5 19. Bg3 $16) (18... g6 19. Nf4 $16) 19. Bxf6 gxf6
20. Ng3 $16) 17. Qc2 (17. cxd5 Nxd5 18. Qc2 Bxd3 19. Qxd3 c4 20. Qc2 Qb3 $1 21.
Qxb3 (21. e4 Qxc2 22. Rxc2 N5b6 $10 {/\ Nc5}) 21... cxb3 (21... Rxb3 $6 22. e4
N5f6 (22... N5b6 23. Nd4 Rd3 24. Rxd3 cxd3 25. f3 $14) 23. f3 $14) 22. Nd4 $10
(22. e4 N5b6 23. Rxd7 $2 Nxd7 24. Rxd7 Rc2 $17)) (17. Nc1 $6 {Dautov} d4 $1)
17... Rb7 (17... d4 $2 {Dautov} 18. exd4 cxd4 19. Nxd4 $16) (17... Qb3 {Dautov}
18. Qxb3 Rxb3 19. Nc1 $1 Rb6 20. cxd5 exd5 (20... Bxd3 21. dxe6 $16) 21. Bf5
Rc7 22. Bxd7 Rxd7 23. Bxf6 gxf6 24. Rxd5 Rxd5 25. Rxd5 Rxb2 26. Rxc5 $16) 18.
Nc1 $5 (18. cxd5 Bxd3 19. Qxd3 c4 20. Qc2 Nxd5 21. e4 N5f6 $14) 18... d4 (18...
Rbc7 $14 {/\ d4}) (18... Rbb8 {Dautov} 19. cxd5 Bxd3 (19... Nxd5 20. Bxa6 Qxa6
21. e4 $18) (19... exd5 20. Bf5 $16) 20. Nxd3 exd5 21. Bg3 Ra8 22. Nf4 d4 23.
exd4 cxd4 24. Qd3 $16) 19. exd4 cxd4 20. b4 (20. Bxf6 Nxf6 21. b4 e5 22. c5
Bxd3 23. Qxd3 Qe6 24. f4 Ng4 $1 $132) 20... Bxc4 $1 $8 (20... e5 21. c5 (21.
Qa2 $1 {Dautov /\b5} Rbc7 (21... e4 22. c5 Qc6 23. Bxa6 Qxa6 24. Rxd4 $18) 22.
c5 Qc6 23. Bxa6 Qxa6 24. Re2 $14) 21... Bxd3 22. Qxd3 Qe6 (22... Qc6 23. Nb3
Qa4 24. Na5 Nxc5 25. Qf5 Rbc7 26. Qxe5 Nce4 27. Rxd4 Rc1 $17) 23. f4 $16) 21.
Bxf6 $1 (21. Bxc4 Rbc7 22. Rxd4 e5 (22... Ne5 $4 23. Rd8+ Ne8 24. Qa4 $18) 23.
Bxf7+ Kxf7 24. Qb3+ Kf8 25. Rd6 Qxd6 $1 26. Rxd6 Rxc1+ 27. Rd1 R8c3 $1 28. Qa4
Rxa3 $1 (28... Nb6 $19 {Dautov}) 29. Qxd7 $8 Nxd7 30. Rxc1 $10) 21... gxf6 $8 (
21... Nxf6 $4 22. Bxc4 Rbc7 23. Rxd4 e5 24. Rd8+ $18) 22. Bxc4 Ne5 23. Rxd4
Rbc7 24. Qe4 $1 (24. Qd2 Rxc4 25. Rxc4 Rxc4 26. Qxh6 Qxf2+ $1 27. Kxf2 Ng4+ $10
) 24... Rxc4 25. Ne2 Rxd4 26. Rxd4 $14 {>< >>} Qb5 (26... Qa6 27. Qe3 $14 {/\}
Rc2 $2 28. Qxh6 $1 $18) (26... Rd8 $5 $14) (26... Qc6 {Dautov} 27. Qe3 Kg7 28.
h3 $16) 27. h3 Ng6 28. Qe3 Kg7 29. Ng3 a6 $6 $138 (29... a5 30. Qf3 f5 $14) 30.
Rd6 Rc4 $6 31. Qf3 $2 $138 (31. Rb6 $16 {>< a6, h5}) (31. Rb6 $6 {Dautov} Qd5
32. Rxa6 Nf4 33. f3 Qg5 34. Kh2 $2 Rc2 $19) 31... Nf4 $1 (31... f5 $6 {Dautov}
32. Nh5+ Kh7 33. Rd7 Rc1+ (33... Ne5 34. Qg3 Rg4 35. Rxf7+ Nxf7 36. hxg4 $18)
34. Kh2 Qe5+ 35. g3 Nh8 $8 (35... Kg8 36. Qa8+ Nf8 37. Rd8 $18) (35... Rc7 36.
Nf6+ $18) 36. Qb7 Rc2 (36... Kg6 37. Nf4+ Kg7 38. Nd3 $18) 37. Rxf7+ Nxf7 38.
Qxf7+ Kh8 39. Qf8+ Kh7 40. Nf6+ Kg6 41. Qg8+ Kxf6 42. Qh8+ $18) 32. Qg4+ Kh7
33. Rd8 Ng6 $6 (33... Qg5 $1 34. Qxg5 (34. Ra8 $4 Nxh3+ $1 35. Qxh3 Rh4 $19)
34... fxg5 35. Ra8 Rc1+ 36. Kh2 Rc2 $10) 34. Qf3 Qe5 35. Kh2 Rc3 $2 (35... f5
$132) (35... Rc2 $16 {Dautov}) 36. Qb7 $1 Kg7 (36... Qc7 37. Qxc7 Rxc7 38. Nh5
$1 Rc3 (38... f5 $2 39. Nf6+ Kg7 40. Ne8+ $18) 39. Nxf6+ Kg7 40. Nh5+ Kh7 41.
a4 $16) 37. Rd7 Nh8 38. Qxa6 h5 39. h4 Rc2 (39... Qf4 40. Qxe6 Qxh4+ 41. Qh3
$16) 40. Qa7 Qf4 41. Qd4 $16 Ng6 42. Qxf4 Nxf4 43. Ne4 Re2 (43... f5 {Dautov}
44. Ng5) 44. Nd6 Kg6 45. Rxf7 Nd5 (45... Rxf2 $2 46. Rxf6+ $1 $18) 46. Rf8 $1 (
46. b5 Rxf2 47. a4 $2 Ra2 48. Ra7 Ne3 $1 {/\} 49. b6 $4 Ng4+ 50. Kg3 (50. Kh3
Ra3+ 51. g3 Ra2 $19) 50... Ra3+ 51. Kf4 Re3 $19 {/\ e5#}) 46... Rxf2 47. b5 Rf4
(47... Ra2 48. Rg8+ $1 Kh7 49. Rg3 $16) 48. Kh3 $1 Rd4 {/\ Nf4, /\ Rd3} (48...
Ra4 {Dautov} 49. Rg8+ Kh7 50. Rg3 $18) 49. g3 $8 f5 (49... Ra4 {Dautov} 50. Rb8
Rxa3 51. b6 Nxb6 52. Rxb6 $18) (49... Ne3 {Dautov} 50. b6 Rd1 51. g4 hxg4+ 52.
Kg3 Rxd6 53. b7 $18) 50. Rc8 $1 {/\ Nc4, b6} f4 $138 (50... Ne7 51. Rc7 $18) (
50... Ne3 $5 {Dautov} 51. Rc3 (51. b6 $2 Rd1 52. Kh2 Ng4+ 53. Kg2 Rd2+ 54. Kf1
Nh2+ 55. Ke1 Nf3+ $10) 51... Nd1 52. Rc6 Ne3 53. Nc8 Kf6 54. Rc3 Nd1 55. Rc2
Ne3 56. Re2 Rd3 57. b6 $18) 51. Nc4 $18 Kf5 52. b6 Nxb6 53. Nxb6 Rd3 54. Rf8+
1-0

[Event "Lyon zt"]
[Site "Lyon"]
[Date "1990.??.??"]
[Round "1"]
[White "Lautier, Joel"]
[Black "Piket, Jeroen"]
[Result "1-0"]
[WhiteElo "2500"]
[BlackElo "2495"]
[Annotator "Lautier,J"]
[PlyCount "61"]
[EventDate "1990.04.??"]
[EventType "tourn"]
[EventRounds "13"]
[EventCountry "FRA"]
[EventCategory "8"]
[SourceTitle "CBM 018"]
[Source "ChessBase"]
[SourceDate "1990.10.01"]
[SourceVersion "1"]
[SourceVersionDate "1990.10.01"]
[SourceQuality "1"]

1. d4 {Ftacnik} Nf6 2. c4 e6 3. Nc3 Bb4 4. Qc2 O-O 5. a3 Bxc3+ 6. Qxc3 b6 7.
Bg5 Bb7 8. Nh3 $5 d6 9. f3 Nbd7 10. e4 c5 11. Be2 $5 (11. d5 {Ftacnik} exd5 12.
cxd5 h6 13. Bf4) 11... h6 12. Be3 Rc8 (12... d5 $5 13. cxd5 exd5 14. e5 Ne8 15.
O-O Nc7 16. dxc5 (16. f4 $6 Ne6 17. f5 cxd4 18. Bxd4 Rc8 19. Qe3 Nxd4 20. Qxd4
Nxe5 21. f6 (21. Qxe5 Re8 22. Qg3 Rxe2 23. f6 Qf8 $17) 21... gxf6 22. Nf4 Rc2
23. Rae1 Qd6 $1 24. Nh5 Qc5 $17) 16... Ne6 17. cxb6 Rc8 18. Qd2 Nxe5 19. f4 $1
(19. bxa7 d4 20. Bf4 Nxf4 21. Nxf4 Qb6 22. Bd3 g5 23. Ne2 Rc3 $1 $44) 19... Nc4
20. Bxc4 Rxc4 21. f5 (21. bxa7 $2 d4 22. Bf2 Qd5 {/\ Rfc8 -/+}) 21... Rg4 $1 (
21... Nc5 22. Bxc5 Rxc5 23. bxa7 d4 24. Rad1 $16) 22. fxe6 (22. Qe2 $2 Qh4 23.
fxe6 Qxh3 24. exf7+ Kh8 {/\ d4 ->}) (22. Nf2 $2 Rxg2+ 23. Kxg2 d4+ {/\ Qd5 -+})
22... d4 23. exf7+ (23. Nf4 $2 fxe6 24. Qxd4 Qg5 $17) 23... Rxf7 (23... Kh7 $2
24. Nf4 dxe3 25. Qxd8 Rxd8 26. g3 $16 {/\ Ne6}) 24. Rxf7 Kxf7 (24... Rxg2+ $2
25. Qxg2 Bxg2 26. Kxg2 Kxf7 27. Rf1+ Kg8 28. Bd2 $16) 25. Rf1+ Kg8 26. Nf4 g5
27. Qe2 Qc8 $1 28. Ng6 $1 (28. Bxd4 $6 gxf4 29. Rf2 f3 $15) 28... Qe6 $1 29.
Ne7+ (29. Rf8+ Kh7 $19) 29... Kh7 30. Rf7+ $8 Qxf7 31. Qxg4 dxe3 32. Qf5+ Qxf5
33. Nxf5 e2 34. Kf2 axb6 35. g3 $14) 13. O-O Ba6 {/\ d5} (13... d5 $6 14. cxd5
exd5 15. e5 Ne8 16. f4 Nc7 17. f5 Re8 18. Bf4 cxd4 19. Qxd4 Qe7 20. Rae1 Nxe5 (
20... Qc5 21. Qxc5 bxc5 22. Bh5 $16) 21. Bh5 Nb5 22. Qe3 Qh4 23. Bxe5 Qxh5 24.
Qg3 $16) 14. Rfe1 $1 Re8 (14... d5 $2 15. cxd5 Bxe2 16. dxe6 $16 (16. dxe6 $1 {
Ftacnik} Ba6 17. exd7 $16)) (14... cxd4 15. Qxd4 e5 16. Qxd6 Bxc4 17. Rad1 $14)
15. Bf1 Qc7 16. Rad1 Qb8 $2 (16... cxd4 17. Qxd4 e5 18. Qxd6 Bxc4 19. Bxc4 Qxc4
20. Nf2 $14) 17. Nf2 cxd4 (17... b5 $2 {Ftacnik} 18. Qa5 $1) 18. Qxd4 Ne5 19.
b3 Red8 20. Qb2 $1 $16 {/\ Bd4} Rd7 $2 (20... b5 $2 21. cxb5 Bxb5 22. Bxa7 Qxa7
23. Bxb5 $16) (20... Ne8) 21. Bd4 b5 22. c5 $1 Rxc5 23. f4 $1 (23. Bxc5 {
Ftacnik} dxc5 $16) 23... Ng6 24. Bxf6 gxf6 25. Ng4 $18 Rdc7 (25... Rd8 {Ftacnik
} 26. Qxf6 Rh5 27. f5 $1 $18) 26. Nxf6+ Kf8 27. Rxd6 Qc8 28. Red1 Ke7 29. Qd4
e5 30. fxe5 Nxe5 31. b4 1-0

[Event "FRA-chT"]
[Site "France"]
[Date "1994.??.??"]
[Round "?"]
[White "Lautier, Joel"]
[Black "Epishin, Vladimir"]
[Result "1-0"]
[WhiteElo "2625"]
[BlackElo "2675"]
[Annotator "Lautier,J"]
[PlyCount "119"]
[EventDate "1994.??.??"]
[EventType "team"]
[EventRounds "11"]
[EventCountry "FRA"]
[SourceTitle "CBM 041"]
[Source "ChessBase"]
[SourceDate "1994.08.01"]
[SourceVersion "1"]
[SourceVersionDate "1994.08.01"]
[SourceQuality "1"]

1. d4 Nf6 2. c4 e6 3. Nc3 Bb4 4. Qc2 O-O 5. a3 Bxc3+ 6. Qxc3 b6 7. Bg5 h6 8.
Bh4 c5 9. dxc5 bxc5 10. e3 d6 11. Bd3 Nbd7 12. Nf3 Bb7 13. O-O a5 14. Nd2 Ra6
15. Rad1 Qa8 16. f3 Rb6 17. Nb1 $5 {/\ Qc2, Nc3} d5 18. Bf2 (18. Qc2 $6 d4 $1
$15) (18. cxd5 $1 exd5 (18... Nxd5 $6 19. Qc1 $16 {/\ e4}) 19. Bf5 $14) 18...
a4 19. cxd5 (19. Qc2 $6 Ne5 $15 {/\ Ba6}) 19... exd5 20. Bf5 Rb3 21. Qc1 Ba6
22. Rfe1 Qb7 $5 (22... Rfb8 23. Bg3 R8b7 (23... R8b6 24. Nc3 Bc4 25. Bc2 Rxb2
26. Nxa4 $16) 24. Bxd7 Nxd7 (24... Rxd7 $2 25. Qxc5 Rxb2 26. Be5 Rb5 27. Qd4
$16) 25. Nc3 (25. Rxd5 Rxb2 26. Rxd7 Rxb1 27. Qxb1 Rxd7 $10) 25... Rxb2 (25...
Bc4 $2 26. Nxd5 Bxd5 27. Rxd5 Rxb2 28. Rxd7 $18) (25... Nb6 26. Nxd5 Nxd5 27.
Rxd5 Rxb2 28. Rxc5 $14) 26. Nxa4 (26. Nxd5 $14) 26... Rb1 $1 $13) 23. Nc3 $1
Rxb2 24. Nxa4 Rb5 25. Bxd7 Nxd7 26. Nc3 Rb3 27. Nxd5 c4 $1 {/\ Nc5-d3} 28. e4
Ne5 29. Bc5 Re8 30. Nb4 (30. Qf4 $6 Nd3 31. Qg3 Re6 $1 (31... Nxc5 $2 32. Nf6+
Kf8 33. Qd6+ Qe7 34. Nxe8 Kxe8 35. Qc6+ Kf8 36. Qa8+ Qe8 37. Rd8 $18) 32. Bd4
Rg6 33. Qh4 Nxe1 34. Ne7+ Kh7 35. Nxg6 Nxf3+ 36. gxf3 fxg6 $15) 30... Nd3 31.
Nxd3 cxd3 $10 32. Qe3 Rc8 {/\ d2} 33. Rd2 Rb2 34. Red1 Qb3 (34... Rxd2 $1 35.
Rxd2 Qb1+ 36. Kf2 Qc1 $1 37. Bb4 Qh1 38. Kg3 (38. h3 $2 Rc1 39. Kg3 Rc6 $1 40.
f4 Rg6+ 41. Kf3 Qh2 42. Qe1 (42. Qf2 f5 $1 43. exf5 Rxg2 44. Qxg2 Bb7+ $19)
42... Bb7 43. f5 Rg5 $17) 38... Rc6 39. f4 {/\ f5} Rg6+ 40. Kh3 Bc8+ 41. f5 Rg5
42. g4 $5 {/\ Kg3, h4} f6 43. Kg3 (43. Rxd3 $6 h5 $1 $40) 43... h5 44. h3 hxg4
45. hxg4 $13 {/\} Bb7 $6 46. e5 $1) 35. h3 Rc6 36. Kh2 Rc2 37. Bb4 Qb2 38. e5
Re6 $6 (38... Rxd2 39. Rxd2 Rc2 $10) 39. f4 $14 f6 $2 {Zeitnot} (39... Re8 $14)
40. Qe4 $1 $16 fxe5 $2 {Zeitnot} (40... Qb3 $2 41. Rxd3 $1 Bxd3 42. Rxd3 Qa4
43. Rd8+ $18) (40... Re8 41. Qd5+ Kh7 42. Qd7 $16) 41. Qd5 $18 Bc4 (41... Kf7
42. f5 $18) 42. Qxc4 Rxc4 43. Rxb2 e4 44. Rbd2 Rf6 45. Kg3 Kf7 46. Kf2 g5 47.
f5 Rxf5+ 48. Ke3 Ke6 49. Rf2 Rxf2 50. Kxf2 Rc2+ 51. Rd2 Rc1 52. Ke3 Kd5 53. Rf2
Rg1 54. Bd2 Ke5 55. a4 h5 56. a5 g4 57. hxg4 hxg4 58. a6 g3 59. Bc3+ Kd5 60.
Ra2 1-0

[Event "Las Palmas"]
[Site "Las Palmas"]
[Date "1994.??.??"]
[Round "4"]
[White "Lautier, Joel"]
[Black "Karpov, Anatoly"]
[Result "1-0"]
[WhiteElo "2625"]
[BlackElo "2740"]
[Annotator "Lautier,J"]
[PlyCount "62"]
[EventDate "1994.05.??"]
[EventType "tourn"]
[EventRounds "9"]
[EventCountry "ESP"]
[EventCategory "17"]
[SourceTitle "CBM 042"]
[Source "ChessBase"]
[SourceDate "1994.10.01"]
[SourceVersion "1"]
[SourceVersionDate "1994.10.01"]
[SourceQuality "1"]

1. d4 {Dautov} Nf6 2. c4 e6 3. Nc3 Bb4 4. Qc2 O-O 5. a3 Bxc3+ 6. Qxc3 b6 7. Bg5
Bb7 8. e3 c5 9. dxc5 bxc5 10. f3 a5 11. Nh3 h6 (11... a4 12. O-O-O Re8 $2 13.
Nf4 $1 h6 14. Bxf6 Qxf6 15. Qxf6 gxf6 16. Nh5 $18) (11... d6 {Dautov} 12. Be2
Nbd7 13. O-O a4 14. Rad1 Ra6 15. Qc2 Qc7 16. Rd2 Rb8 17. Rfd1 Ba8 18. Nf2 Rb3
$13 {Benjamin-Tiviakov/Groningen/1993}) 12. Bh4 a4 $5 $146 {/\ Qa5} (12... d6 {
Dautov} 13. O-O-O Ra6 14. Be2 (14. Bxf6 Qxf6 15. Qxf6 gxf6 16. Nf4 f5 17. Be2
Nd7 18. Rd2 Ne5 19. Rhd1 Rd8 $10 {Polgar,Zsu-Polugaevsky/Monaco rapid/1993})
14... Nbd7 15. g4 Qa8 16. e4 e5 17. g5 hxg5 18. Bxg5 Rb8 19. Rhg1 Ne8 20. Nf2
Rb6 21. Rd2 Bc6 22. Bd1 Nf8 $13 {Xu Jun-Hjartarson/Biel izt/1993}) 13. O-O-O (
13. Nf2 Qa5 14. Bxf6 gxf6 15. Qxa5 Rxa5 16. O-O-O Rd8 $10) 13... Re8 $1 (13...
d5 $2 14. Bxf6 Qxf6 15. Qxf6 gxf6 16. Nf4 Rd8 17. Nh5 (17. cxd5 exd5 18. Bc4 (
18. Nh5 Rd6 $1) 18... d4 19. exd4 cxd4 $14) 17... f5 (17... Nd7 18. cxd5 Bxd5
19. Bb5 $16) 18. cxd5 exd5 (18... Bxd5 $2 19. e4 $18) 19. Bd3 $16) (13... Ra6
14. Nf2 d6 (14... Nd5 $2 15. cxd5 Qxh4 16. Bxa6 $18) 15. Ng4 Nbd7 16. Be2 $14 {
/\ Rd2, Rhd1}) (13... d6 $2 {Dautov} 14. Bxf6 gxf6 15. Nf4 Qe7 16. Nh5 Nd7 17.
Qe1 Kh8 18. Qg3 Rg8 19. Qxd6 $18) 14. Be2 (14. Nf2 Nd5 $1 15. cxd5 (15. Rxd5 $2
Qxh4 16. g3 Qe7 $17) 15... Qxh4 $10) (14. Qc2 e5 15. Qf5 Ra6 (15... Qe7 $2 16.
Bd3 Qe6 17. Bxf6 Qxf6 (17... Qxf5 18. Bxf5 gxf6 19. Bxd7 $16) 18. Qh7+ Kf8 19.
Nf2 $16) 16. Bd3 g6 17. Bxf6 Qxf6 $10) 14... e5 (14... Ne4 $6 {Dautov} 15. Qe1
g5 16. Bg3 Nxg3 17. Qxg3 $16 {/\Nf4}) 15. Nf2 (15. Rd6 Ne4 $1 16. Qe1 Qc7 17.
Rd1 Nd6 $1 {/\ Nc6-a5, >< c4} 18. Qd2 Re6 $13) (15. Rd2 Ne4 $1 16. Bxd8 Nxc3
$10) 15... Qb6 (15... Nd5 $2 16. Rxd5 Qxh4 17. Rxe5 $1 Rxe5 18. Qxe5 Nc6 (18...
Qxf2 $4 19. Qe8+ Kh7 20. Bd3+ g6 21. Qxf7+ Kh8 22. Bxg6 Qxe3+ 23. Kb1 $18) 19.
Qg3 Qe7 20. Ng4 Kh8 21. Qc7 (21. Qf4 Re8 $132 {/\ h5}) 21... Ra7 (21... Rb8 22.
Rd1 $1 h5 23. Rxd7 Qe8 (23... Qg5 24. f4 $18) (23... Qe6 24. Bd3 $1 g6 (24...
hxg4 25. Qxb8+ Nxb8 26. Rd8+ $18) 25. Rxf7 $18) 24. Rxf7 hxg4 25. Rxg7 Qxe3+ (
25... Qf8 26. Rh7+ Kg8 27. Bd3 {/\ Rh8+-} Qf6 28. Be4 $18) 26. Kb1 Qh6 27. Rd7
$18 {/\ Bd3, /\ Rd6}) 22. Qf4 $1 $16 (22. Rd1 $2 h5 23. Rxd7 Qe8 24. Ne5 (24.
Rxf7 $2 Ba8 $1 $19) 24... Qxe5 25. Rd8+ Kh7 26. Bd3+ f5 $17) (22. e4 Ba6 23.
Qf4 Rb7 (23... Nd4 $2 24. Qb8+ $18) 24. Ne3 Nd4 $132)) 16. Nd3 (16. Rd2 d5 $1
17. Bxf6 d4 18. exd4 cxd4 (18... exd4 $5 19. Bxd4 cxd4 20. Qc2 Nc6 $44) 19. Qb4
Qxb4 20. axb4 gxf6 $13) (16. Qc2 Qe6 $1 (16... g5 $2 17. Bg3 d5 18. h4 g4 19.
cxd5 $16) 17. Rd2 (17. Bd3 $2 e4 $1 $15) 17... d6 18. Rhd1 Ra6 $13) 16... g5 (
16... d6 $2 17. Bxf6 gxf6 18. Nf2 $16 {->>>}) (16... e4 $2 17. Nf2 $16) (16...
Nc6 $2 {Dautov} 17. Bxf6 gxf6 18. Nf2 $16) 17. Bg3 d6 18. h4 g4 (18... Nbd7 $2
19. hxg5 hxg5 20. Nf2 {/\ Qd3-f5} (20. Rh6 Kg7 21. Rdh1 Rh8 $10) 20... d5 (
20... Kg7 $6 21. Qd3 Ra6 22. Qf5 $18) 21. Rh6 (21. cxd5 {Dautov} Nxd5 (21...
Bxd5 22. Ng4 Bb3 23. Nxf6+ Nxf6 24. Bxe5 $16) 22. Qc2 Nf8 23. Ng4 $16) 21...
Kg7 22. Ng4 $16) (18... Qb3 {Dautov} 19. Qxb3 axb3 20. hxg5 hxg5 21. Kb1 Ra6
22. Nc1 Rb6 23. Rd3 e4 24. Rxd6 Rxd6 25. Bxd6 exf3 26. gxf3 Ne4 27. Rd1 Nxd6
28. Rxd6 $16) 19. h5 (19. Nf2 $2 Nh5 20. Nxg4 Nxg3 21. Nf6+ Kf8 $19) (19. fxg4
$2 Ne4 20. Qe1 Nc6 {/\ Na5->}) 19... Nbd7 20. Nf2 (20. Rh4 Kh8 $1 (20... d5 $2
21. Nxe5 d4 22. Nxd7 $1 (22. exd4 $2 cxd4 23. Nxd7 dxc3 24. Nxb6 cxb2+ 25. Kb1
(25. Kd2 Rad8+ 26. Bd3 Rxd3+ 27. Kxd3 Rd8+ 28. Nd5 Bxd5 29. Kc2 Be4+ 30. fxe4
Rxd1 31. Kxb2 Rd2+ $17) 25... Ra6 26. c5 Rxe2 $15) 22... Nxd7 23. Rxg4+ Kh8 (
23... Kf8 24. exd4 Rxe2 25. dxc5 Nxc5 26. Qh8+ Ke7 27. Bh4+ $18) 24. exd4 Rxe2
25. dxc5+ Qf6 26. Rxd7 Qxc3+ 27. bxc3 $18) 21. Nf2 gxf3 22. gxf3 Rg8 $36 {
>< Rh4}) (20. e4 $1 Nf8 {/\ Ne6-d4} (20... gxf3 $6 21. gxf3 Kh7 (21... Nf8 22.
Bh4 N6h7 23. Rdg1+ Kh8 24. Qd2 $16) 22. Bh4 Rg8 23. Bf1 $1 $16 {/\ Bh3-f5, Qd2}
Nxh5 $2 24. Qd2 $1 {/\ Be7} Rg6 25. Bh3 $18 {/\ Bf5}) (20... Kh7 $6 21. Bh4 Rg8
22. Nf2 gxf3 23. Qxf3 $1 $16) 21. Bh4 Nxh5 (21... N6h7 $6 22. Nf2 $1 gxf3 23.
Qxf3 Ne6 24. Ng4 $16) 22. fxg4 (22. Bf2 Ng7 23. Rxh6 Nge6 24. Rdh1 Ng6 $13)
22... Ng7 (22... Nf4 $2 23. Nxf4 exf4 24. Bf6 $18 {/\ Rh6}) 23. Bf6 Nh7 24.
Rxh6 Nxf6 25. Rxf6 Re6 (25... Bxe4 $2 26. Nxe5 $16) (25... Ne6 $2 26. Qd2 $1
Kf8 (26... Nd4 27. Qg5+ Kf8 28. Rh6 Nxe2+ 29. Kd2 $18) (26... Bxe4 27. Qh6 Bxd3
28. Rh1 $18) 27. Qh6+ Ke7 28. Rdf1 $16) 26. Rdf1 Rf8 $14) 20... d5 (20... gxf3
{Dautov} 21. gxf3 Kh8 22. Qd2 Re6 23. e4 Rg8 24. Rdg1 Kh7 25. Bf1 $16 {/\Bh3})
21. Rh4 (21. cxd5 $2 Nxd5 22. Qd2 c4 $1 $17 {/\ c3}) (21. Nxg4 $6 {Dautov} Nxg4
22. fxg4 d4 23. Qd2 Nf6 $44 24. exd4 Ne4 25. dxc5 $2 Qb3 $19) 21... d4 22. Qd2
gxf3 23. gxf3 Rab8 $2 $138 (23... Nh7 $1 24. Rg4+ (24. e4 $6 Ng5 (24... Kh8 25.
Ng4 Ng5 $13) 25. Ng4 (25. Nh3 f6 $15) 25... Kh7 $15 {>< Rh4}) (24. f4 $2 e4 $1)
(24. exd4 $2 cxd4 25. Ng4 Ng5 $132) (24. Ng4 Ng5 25. Rg1 Kh8 $13) 24... Kh8 25.
e4 (25. Bh4 $2 Ndf6 (25... Nhf6 {Dautov} 26. Rgg1 Nxh5 27. f4 $40) (25... Rg8
26. f4 $16) 26. Rg2 Nxh5 $17) 25... Qe6 $1 (25... Ndf6 $2 26. Qxh6 $18) (25...
Rg8 26. Bh4 $14) (25... Ng5 26. Bh4 f6 27. Rg3 Rg8 28. Rdg1 Kh7 29. Ng4 Qd8 (
29... Rg7 $2 30. Nxh6 $1 Kxh6 31. Bxg5+ fxg5 32. Rxg5 $18) (29... Qe6 $2 30.
Nxh6 Kxh6 31. Bxg5+ fxg5 32. Rxg5 Kh7 33. Rg6 $18) 30. Bd3 $14 {/\ f4}) (25...
Ra6 $5 {/\ Ndf6}) 26. Bh4 Ndf6 27. Bxf6+ Qxf6 28. Rg3 Bc8 $5 (28... Qe6 29.
Rdg1 $13) 29. Nd3 Qd6 30. Rdg1 (30. Nxc5 $2 Qxc5 31. Qxh6 Qf8 $19) 30... Ra6 (
30... Ng5 $2 31. Rxg5 hxg5 32. Qxg5 $18) 31. f4 $5 exf4 32. Nxf4 Ng5 33. Bd3
Qe5 34. Nd5 $13) (23... Qa5 {Dautov} 24. Qc2 Rad8 (24... dxe3 25. Ng4 $40) 25.
Ng4 Kg7 26. Rg1 $16) 24. Rg1 Kf8 (24... Kh8 $2 25. exd4 cxd4 26. Qxh6+ Nh7 27.
Bxe5+ $1 $18) 25. exd4 cxd4 26. Qxh6+ Ke7 27. Nd3 $16 Ba6 $6 (27... Rg8 $142
$132 {<->g}) 28. Qd2 (28. Nxe5 $2 {Dautov} d3) 28... Kd8 $6 (28... Bxc4 $2 29.
Nxe5 $1 $18 (29. Nxe5 {Dautov} d3 30. Re1 Nxe5 31. Bxe5 Rbc8 32. Bxd3 Bxd3+ 33.
Bc3+ $18)) (28... Rg8 29. h6 $16) 29. Rd1 $1 $18 {/\ Ne5} Nc5 (29... Bxc4 30.
Nxe5 $1 Bxe2 (30... Nxe5 31. Rxd4+ $18) 31. Rxd4 $1 (31. Nxf7+ {Dautov} Ke7 32.
Qxe2+ Kxf7 33. Qc4+ Qe6 34. Qxe6+ Kxe6 35. Bxb8 Rxb8 36. Rhxd4 $16) (31. Qxe2
Nxe5 32. Rhxd4+ Ned7 33. Qd2 Qc5+ 34. Kb1 Qf5+ 35. Ka1 $40) 31... Qc7+ (31...
Bxd1 32. Rxd7+ Kc8 33. Qc3+ $18) 32. Kb1 Bxd1 33. Nxf7+ $18) 30. Nxc5 Qxc5 31.
Qg5 Qb6 $138 (31... Qb6 32. Rd2 {/\ Be5} Qe6 33. Rhxd4+ exd4 34. Bxb8 $18 {
/\ Qa5}) (31... Bxc4 {Dautov} 32. Rhxd4+ Bd5+ 33. Rc4 $18) (31... Qe7 {Dautov}
32. Rhxd4+ exd4 33. Bxb8 Kc8 34. Bf4 Qxe2 35. Qxf6 Qxc4+ 36. Kb1 Kb7 37. Rc1
Qd3+ 38. Ka1 $18) 1-0